Quizzes
Events
Quiz Creation
Community
Videos
Private Events
Remove Ads
Sign In
Join for FREE
Feedback
Dark Mode
Quiz Categories
Sports
Geography
Music
Movies
Television
Just For Fun
Miscellaneous
History
Literature
Language
Science
Gaming
Entertainment
Religion
Holiday
For Kids
Quiz Lab
Recent
Popular Today
Quiz Kudos Today
Editor Picks
Curator Picks
Quizzes by...
Day
Popularity
Type
Ratings
Length
Year
Community
Subscriptions
Recent Discussions
Orange Saloon
Badges
Playlists
Quests
Create
Leaderboards
Showdown
Live 5
Trivia Bingo
Activity
Puzzle Library
Sporcle Events
Private Events
Virtual Trivia
Globe League
Become a Host
Pub Owners
SporcleCon
Opinionation
Our Games
Videos
Blog
Mobile Apps
Partnerships
Remove Ads and Go Orange
Feedback
Television
TV Characters
TV Show
Sitcom
Network
Friends
Reality Shows
Cast
South Park
Star Trek
The Simpsons
Doctor Who
Television
TV Characters
TV Show
Sitcom
Network
Friends
Reality Shows
Cast
South Park
Star Trek
The Simpsons
Doctor Who
Random Quiz
Search Sporcle
×
Quiz Lab
Quiz Lab
Television
The Office
Type in answers that appear in a list
Type in answers that appear in a list
Classic
Best Score? Go Orange.
The Office Episodes (Seasons 1-5) Stats
Can you name the The Office Episodes?
By
southernbelle24
15m
91 Questions
492 Plays
492 Plays
492 Plays
Comments
Comments
Give Quiz Kudos
Give Quiz Kudos
-
- Ratings
hide this ad
Replay
Link that replays current quiz
Next Quiz
Link to next quiz in quiz playlist
You Got
0%
They Got
Avg Score
56%
Avg Friend Score
Upgrade to see
Score Distribution
Jump to the score distribution portion of the page
Score
0/91
Timer
15:00
0
Plays Today
% Correct
Pilot
93.9%
Diversity Day
87.1%
Basketball
84.7%
Hot Girl
80.6%
Casino Night
78.4%
Fun Run
77.1%
The Dundies
75.9%
Booze Cruise
75.5%
The Job
72%
Health Care
71.8%
The Merger
71.8%
Gay Witch Hunt
70.4%
Halloween
69.8%
Goodbye Toby
69.6%
A Benihana Christmas
69.4%
The Fire
69.2%
Beach Games
69.2%
The Alliance
68.8%
Christmas Party
67.8%
Sexual Harassment
66.3%
Office Olympics
66.1%
Dunder Mifflin Infinity
64.9%
Dinner Party
64.9%
Weight Loss
64.7%
Valentine's Day
63.7%
Michael Scott Paper Company
63.7%
Diwali
62.7%
Phyllis's Wedding
62.2%
Branch Closing
61.8%
Company Picnic
61.8%
The Fight
61.4%
% Correct
The Injury
61.4%
The Secret
60.4%
Money
59.4%
Michael's Birthday
58.4%
The Return
58.4%
The Client
58%
The Convention
56.5%
Launch Party
56.1%
The Convict
55.9%
Moroccan Christmas
55.9%
The Coup
55.1%
Women's Appreciation
55.1%
Boys and Girls
54.9%
Ben Franklin
54.7%
Conflict Resolution
53.1%
Back from Vacation
53.1%
Stress Relief
53.1%
Chair Model
52.9%
E-mail Surveillance
52.7%
Take Your Daughter to Work Day
52.7%
New Boss
52.7%
Dwight's Speech
52.2%
Traveling Salesman
51.8%
Initiation
51.2%
The Carpet
51%
Drug Testing
51%
Broke
51%
Business School
50.6%
Cafe Disco
50.2%
Safety Training
49.8%
The Duel
49.4%
% Correct
Cocktails
48.6%
Branch Wars
48.6%
Performance Review
48.4%
Did I Stutter?
48.2%
Survivor Man
48%
Two Weeks
48%
Grief Counseling
47.8%
Dream Team
47.8%
Night Out
46.9%
Baby Shower
46.5%
Crime Aid
46.1%
Product Recall
45.9%
Frame Toby
45.3%
Casual Friday
45.3%
Job Fair
44.5%
The Negotiation
44.1%
Business Ethics
43.9%
Employee Transfer
43.5%
Business Trip
42.9%
Local Ad
42.7%
Prince Family Paper
42.7%
Heavy Competition
40.8%
Golden Ticket
40%
Lecture Circuit: Part 1
39.6%
Lecture Circuit: Part 2
39.6%
Blood Drive
38%
The Surplus
34.5%
Customer Survey
31.2%
The Desposition
30%
Quiz Playlist
Details
Report
Send in Message
Add To Playlist
Classic:
Type in answers that appear in a list
Quiz Source
Last Updated: Feb 16, 2017
Quiz Scoreboard
CHALLENGE
Sign Up to Join the Scoreboard
Show All
Scores
Hide
Comments
May contain spoilers
Recently Published
Billboard Blitz: Fleetwood Mac
by CooCooCachoo
Music
15s
Presidents Visiting Landmarks
by Hejman
History
7m
An Introduction to Baseball
by treessimontrees
Sports
5m
More to Explore
Quiz From the Vault
Featured Blog Post
Where Did the Easter Bunny Come From?
hide this ad
You Might Also Like...
Tags
1-5
episode
office
season
The Office
Today's Top Quizzes in Television
Browse Television
hide this ad
Today's Top Quizzes in The Office
Browse The Office
Top Contributed Quizzes in Television
1
5-to-1: The Simpsons Families
2
5-to-1: Television Doctors
3
7-to-1: TV Show Settings
4
One Piece Logic Puzzle
5
5-to-1: Streaming Originals
6
Survivor Seasons
7
Survivor Logic Puzzle: Heroes vs. Villains
8
TV Shows by First Names
9
Survivor Season by Logo
10
Survivor Trivia
Explore More
Trending Topics
Crossword
Kpop
Disney
Harry Potter
Marvel
NBA
Anime
Puzzle
NFL
WWE
The Office
Country
Soccer
Song
Pokémon
hide this ad
More By:
southernbelle24
Quiz
Plays
Rating
Category
Featured
Created
The Office Episodes (Seasons 1-5)
492
3.50
Television
Oct 3, 2009
Go to Creator's Profile
Score Distribution
Quiz Creator Spotlight
southernbelle24
Follow
Send a Message
Quizzes Created
-
Created Quiz Play Count
-
More By This Creator
Popular Quizzes Today
1
Find the US States - No Outlines Minefield
2
Find the Countries of Europe - No Outlines Minefield
3
The Countries of the World
4
Find the US States
5
US States
6
Popular People in 1961
7
Risky Map Clicking: Biggest States A-Z
8
Movies - When Are They Set?
More Television Quizzes
Fictional TV Musicians
Published
Trending Quizzes
Risky Map Clicking: Least Populous States A-Z
1-10 Letter G Words
1-10 Letter F Words
Risky Map Clicking: Next State Alphabetically
Risky Map Clicking: Biggest States A-Z
Recently Updated
Leaping Animals
pecheneg
Reality TV Shows (A-Z)
bhenderson79
Rickey Henderson's Hall of Fame Teammates
pecheneg
Champions League XIs: Arsenal
pecheneg
Quick Pick: Celebrities in WWE's Hall of Fame
aduchscher
A-Z Keypad Blitz II
pecheneg
Multiple Oscar Actors
pecheneg
Mystery Phrase Blitz: Oscar 'Best Actors'
pecheneg
F. Scott Fitzgerald Novels
LTH
Pick 3 Villains
ddd62291
Trending Topics
Anime
Harry Potter
Crossword
Kpop
Disney
NBA
Marvel
Soccer
Puzzle
Song
The Office
Country
Pokémon
NFL
WWE
Your Account Isn't Verified!
In order to create a playlist on Sporcle, you need to verify the email address you used during registration. Go to your
Sporcle Settings
to finish the process.
Report this User
Report this user for behavior that violates our
Community Guidelines
.
Details:
Send Report
Go to the Sporcle.com Mobile Site →
Comments